قواعد الخط العربي : (رقم التسجيلة. 63433)

تفاصيل مارك
000 -LEADER
fixed length control field 00543nam a22001697a 4500
005 - DATE AND TIME OF LATEST TRANSACTION
control field 20251108171823.0
008 - FIXED-LENGTH DATA ELEMENTS--GENERAL INFORMATION
fixed length control field 250721s1989 xx 000 0 ara d
082 14 - DEWEY DECIMAL CLASSIFICATION NUMBER
Classification number 411.6/هاش
100 1# - MAIN ENTRY--PERSONAL NAME
Personal name الخطاط، هاشم محمد
245 10 - TITLE STATEMENT
Title قواعد الخط العربي :
Remainder of title مجموعة خطية الأنواع الخطوط العربية /
264 1# - PRODUCTION, PUBLICATION, DISTRIBUTION, MANUFACTURE, AND COPYRIGHT NOTICE
Place of production, publication, distribution, manufacture بيروت :
Name of producer, publisher, distributor, manufacturer عالم الكتب،
Date of production, publication, distribution, manufacture, or copyright notice 1989.
300 ## - PHYSICAL DESCRIPTION
Extent 75ص
650 17 - SUBJECT ADDED ENTRY--TOPICAL TERM
Topical term or geographic name as entry element اللغة العربية
650 17 - SUBJECT ADDED ENTRY--TOPICAL TERM
Topical term or geographic name as entry element الخط العربي
942 ## - ADDED ENTRY ELEMENTS (KOHA)
Source of classification or shelving scheme Dewey Decimal Classification
Koha item type كتب
المقتنيات
حالة السحب حالة الفقدان مصدر التصنيف حالة التلف غير قابل للإعارة المكتبة الرئيسية المكتبة الحالية موقع الرف تاريخ التزويد الرقم المتسلسل Total Checkouts رقم الإستدعاء تاريخ آخر ظهور تاريخ الفاتورة نوع المادة (كوها) الباركود
    Dewey Decimal Classification     المكتبة المركزية المكتبة المركزية الإعارة 28/07/2025 420107   411.6/هاش 28/07/2025 28/07/2025 كتب 420107
    Dewey Decimal Classification Unchecked   مكتبة أم قصير والمقابلين العامة مكتبة أم قصير والمقابلين العامة الإعارة 06/07/2004 3067   411.6/هاش 28/07/2025 06/07/2004 كتب  
    Dewey Decimal Classification     مكتبة الحسن العامة مكتبة الحسن العامة الإعارة 06/07/2004 420112   411.6/هاش 28/07/2025 06/07/2004 كتب 420112
Implemented & Customized by: BBB with SCIT (Smart Chains for Information Technology)

Powered by Koha